| 000 | 00901cab a2200277 4500 | ||
|---|---|---|---|
| 001 | ABS51339 | ||
| 008 | 090401t1994 xxu||||| |||| 00| 0 eng d | ||
| 035 | _a(Sirsi) u22546 | ||
| 041 | _aeng | ||
| 100 | _aPowell-Smith, V. | ||
| 245 | 2 | _aA decision which should be challenged | |
| 260 | _c1994 | ||
| 350 | _a0 | ||
| 490 |
_aContract Journal _v375(5992) 15 September 1994, 15(1) |
||
| 520 | _aDiscusses the case "Pigott Foundations Ltd v Shepherd Construction Ltd", and main contractor`s reliance on Cl 13.4 of subcontract DOM/1. | ||
| 650 | _aCLAIMS | ||
| 650 | _aDIRECT LOSS AND EXPENSE | ||
| 650 | _aDIRECT LOSS AND/OR EXPENSE | ||
| 650 | _aDOM/1 CL13.4 | ||
| 650 | _aJCT STANDARD FORM OF NOMINATED SUB-CONTRACT (1980 EDITION) | ||
| 650 | _aSUBCONTRACTORS | ||
| 650 | _aSUBCONTRACTS | ||
| 690 | _aBUILT ENVIRONMENT-BUILDING CONTRACT FORMS | ||
| 942 | _n0 | ||
| 948 | _c04/03/1997 | ||
| 999 |
_c15109 _d15109 |
||